Festival - Čipka v Honte 4. ročníik : Cerovo, Príbelce, Sucháň, Lackov, Litava, Senohrad 1.-15. júl 2006

Bibliographic Details
Corporate Author: Čipka v Honte Hont, Slovensko
Other Authors: Lešková, Ivana (Compiler)
Format: Conference Proceeding Book
Language:Slovak
Published: V Lučenci Novohradské osvetové stredisko 2006
Edition:[1. vyd.]
Subjects:

MARC

LEADER 00000nam a2200000 a 4500
001 vtls008848810
003 SK-MaSNL
005 20260301183103.0
008 251104s2006 xo o g c 000 0dslo
015 |a SNBE2006/04-01097 
020 |a 8085155370 (brož.) 
040 |a SNK  |b slo  |c SNK  |e AACR2 
041 0 |a slo 
043 |a e-xo--- 
044 |a xo  |c SK 
072 7 |a 74  |x Kresba. Umelecké remeslá  |2 konspekt 
080 |a 746.2  |2 2001 
080 |a 746.21  |2 2001 
080 |a (437.6)  |2 2001 
080 |a (083.81)  |2 2001 
080 |a 394.1/.2  |2 2001 
111 2 |a Čipka v Honte  |n (4. :  |d 2006 :  |c Hont, Slovensko)  |9 557867 
245 1 0 |a Festival - Čipka v Honte  |b 4. ročníik : Cerovo, Príbelce, Sucháň, Lackov, Litava, Senohrad 1.-15. júl 2006  |c [zostavila: Ivana Lešková a kol.] 
250 |a [1. vyd.] 
260 |a V Lučenci  |b Novohradské osvetové stredisko  |c 2006 
300 |a [16] s.  |b fotogr.  |c 21 cm 
366 |e 100 výtl. 
500 |a Názov z obalu 
504 |a Bibliografia 
611 2 7 |a Čipka v Honte  |n (4. :  |d 2006 :  |c Hont, Slovensko)  |2 SNKKA  |9 557867 
650 0 7 |a festivaly  |2 SNKPH  |9 3406 
650 0 7 |a čipkárstvo  |2 SNKPH  |9 18413 
650 0 7 |a paličkovaná čipka  |2 SNKPH  |9 28807 
651 7 |a Hont (Slovensko : región)  |2 SNKPH  |9 164709 
655 7 |a katalógy  |2 SNKPH  |9 60821 
700 1 |a Lešková, Ivana  |4 com  |9 315739 
919 |a 80-85155-37-0 
999 |c 855821  |d 857751 
952 |a SNK  |b SNK  |y PREZ  |7 0  |p 17A0521978  |o snkOSC 23602  |i snk2006/18699  |8 0  |0 0  |1 0  |4 0  |d 2006-09-25  |l 0  |r 2026-02-24 04:55:55  |w 2026-02-24 
952 |a SNK  |b SNK  |y VYP  |7 0  |p 17A0521979  |o snkOSC 23602 D1  |i snk2006/18700  |8 0  |0 0  |1 0  |4 0  |d 2006-09-25  |l 0  |r 2026-02-24 04:55:55  |w 2026-02-24